Managing IT skills portfolios : Planning, acquisition and performance evaluation
Shranjeno v:
| Glavni avtor: | |
|---|---|
| Format: | Knjiga |
| Jezik: | Undetermined |
| Izdano: |
Hersley, PA
IGP
2005
|
| Teme: | |
| Oznake: |
Označite
Brez oznak, prvi označite!
|
| Thư viện lưu trữ: | Trung tâm Học liệu Trường Đại học Cần Thơ |
|---|
| LEADER | 00615nam a2200205Ia 4500 | ||
|---|---|---|---|
| 001 | CTU_102940 | ||
| 008 | 210402s9999 xx 000 0 und d | ||
| 082 | |a 004.0683 | ||
| 082 | |b N163 | ||
| 100 | |a Nakayama, Makoto | ||
| 245 | 0 | |a Managing IT skills portfolios : | |
| 245 | 0 | |b Planning, acquisition and performance evaluation | |
| 245 | 0 | |c Makoto Nakayama, Norma Sutcliffe | |
| 260 | |a Hersley, PA | ||
| 260 | |b IGP | ||
| 260 | |c 2005 | ||
| 650 | |a Information resources management,Information technology | ||
| 650 | |x Management | ||
| 904 | |i Minh | ||
| 980 | |a Trung tâm Học liệu Trường Đại học Cần Thơ | ||